000 00572nam a2200157 4500
999 _c7472
_d7472
008 170922b xxu||||| |||| 00| 0 eng d
022 _a0091-4169
082 _aDPer 364.05 J82 2013 v. 103, n. 3
100 _922663
_aThaw, David.
245 _aCriminalizing hacking, not dating:
_breconstructing the CFAA intent requirement/
_cDavid Thaw.
260 _aEvanston:
_bNorthwestern University Press,
_c©2013.
300 _av103 n3, pages 907-948;
_c25 cm.
500 _aThe journal of criminal law and criminology.
650 0 _922664
_aComputer crimes.
942 _2ddc
_cPER